Illustrious profiles; (Record no. 87742)

MARC details
000 -LEADER
fixed length control field 00721cam a22002411 4500
001 - CONTROL NUMBER
control field sa 68017482
003 - CONTROL NUMBER IDENTIFIER
control field DLC
005 - DATE AND TIME OF LATEST TRANSACTION
control field 20260227112703.0
008 - FIXED-LENGTH DATA ELEMENTS--GENERAL INFORMATION
fixed length control field 850807s1965 ii ac 000 0ceng
010 ## - LIBRARY OF CONGRESS CONTROL NUMBER
LC control number sa 68017482
025 ## - OVERSEAS ACQUISITION NUMBER
Overseas acquisition number PL480:I-E-10545
035 ## - SYSTEM CONTROL NUMBER
System control number (OCoLC)12359493
040 ## - CATALOGING SOURCE
Original cataloging agency DLC
Transcribing agency HU
Modifying agency HU
-- DLC
042 ## - AUTHENTICATION CODE
Authentication code premarc
043 ## - GEOGRAPHIC AREA CODE
Geographic area code a-ii---
050 00 - LIBRARY OF CONGRESS CALL NUMBER
Classification number TA139
Item number .H86
082 ## - DEWEY DECIMAL CLASSIFICATION NUMBER
Classification number 620/.00922
-- [B]
100 1# - MAIN ENTRY--PERSONAL NAME
Personal name Husain, Dildar.
245 10 - TITLE STATEMENT
Title Illustrious profiles;
Remainder of title [sketches of presidents, Institution of Engineers (India) from Uttar Pradesh.
260 ## - PUBLICATION, DISTRIBUTION, ETC.
Place of publication, distribution, etc. Calcutta?]
Name of publisher, distributor, etc. Institution of Engineers (India)
Date of publication, distribution, etc. [1965]
300 ## - PHYSICAL DESCRIPTION
Extent 35 p.
Other physical details illus., ports.
Dimensions 23 cm.
650 #0 - SUBJECT ADDED ENTRY--TOPICAL TERM
Topical term or geographic name entry element Engineers
Geographic subdivision India
Form subdivision Biography.

No items available.

Powered by Koha